| 000 | 01574cam a2200169 4500500 | ||
|---|---|---|---|
| 005 | 20260208010558.0 | ||
| 041 | _afre | ||
| 042 | _adc | ||
| 100 | 1 | 0 |
_aVerdeau, Patricia _eauthor |
| 245 | 0 | 0 | _aClara Da Silva-Charrak, Merleau-Ponty. Le corps et le sens, Paris, PUF, 2005, coll. « Philosophies », 160 p., 12 E. |
| 260 | _c2006. | ||
| 500 | _a86 | ||
| 520 | _aLa vie-aventure. Organisme et symbolisme selon la métaphysique de Whitehead La pensée de Whitehead sur la vie est placée ici dans une perspective comparatiste, incluant le programme organiciste de Cantor en philosophie de la nature et le rôle accordé à la différence de potentiel chez Bergson et Whitehead. On commente également la doctrine écologique et évolutionniste de la vie de Processus et réalité, ainsi que la relation établie par Whitehead entre organisme et symbolisme. | ||
| 520 | _aAdventure life. Organism and symbolism according to Whitehead’s metaphysics Whitehead’s thought on life is hereby set within a comparatist view, including Cantor’s organicist programme in the philosophy of nature and the part granted to the difference of potential in Bergson and Whitehead. We here also comment the ecological and evolutionistic doctrine of life in Process and Reality, together with the relationship set by Whitehead between organism and symbolism. | ||
| 786 | 0 | _nRevue philosophique de la France et de l'étranger | 131 | 1 | 2006-03-01 | p. 77i-138i | 0035-3833 | |
| 856 | 4 | 1 | _uhttps://shs.cairn.info/revue-philosophique-2006-1-page-77i?lang=fr&redirect-ssocas=7080 |
| 999 |
_c1657236 _d1657236 |
||